La leyenda de la flor del ilolay /
Guardado en:
| Autor Principal: | |
|---|---|
| Formato: | Libro |
| Publicado: |
Tucuman :
Universidad Nacional,
1959
|
| Materias: | |
| Etiquetas: |
Agregar Etiqueta
Sin Etiquetas, Sea el primero en etiquetar este registro!
|
| LEADER | 00643nam a22001815a 4500 | ||
|---|---|---|---|
| 001 | EHU.bham003708 | ||
| 003 | AR-BHAM | ||
| 005 | 20070529173246.0 | ||
| 008 | 130507s1959##################000#0#####d | ||
| 082 | 3 | 9 | |a 398.2 |
| 100 | 1 | |a Reyes M. Gajardo, Carlos | |
| 245 | 1 | 0 | |a La leyenda de la flor del ilolay / |c Carlos Reyes M. Gajardo. |
| 260 | |a Tucuman : |b Universidad Nacional, |c 1959 | ||
| 300 | |a 81 p. | ||
| 653 | |a Folklore-leyendas | ||
| 859 | |a AR-BHAM |b BIB. HUMANIDADES - General |h 398.2 |i R331 |p 449.60 |t Ej.1 | ||
| 859 | |a AR-BHAM |b BIB. HUMANIDADES - General |h 398.2 |i R331 |p 459.60 |t Ej.1 | ||
| 859 | |a AR-BHAM |b BIB. HUMANIDADES - General |h 398.2 |i R331 |p 729.63 |t Ej.1 | ||
